000 00431nam a2200157 i 4500
001 89197
003 ES-MaACL
005 20230906180117.0
007 t|
008 050105s1925 sp ||||1| spa d
100 1 _aLarrañaga Conget, Pedro.
_970313
245 1 0 _aPsüjesiatreion /
_cP[edro] L[arrañaga] Conget.
260 _a[Vergara :
_bSantísimo Rosario,
_c1925]
300 _a30 p. ;
_c13 cm.
852 _aES-MaACL
_j1690-F-11
999 _c89197
_d89197